000 01125nam a22003017a 4500
003 EG-GICUC
005 20260124224716.0
008 260124s1983 ua ||||fr|||| 00| 0 ara d
017 _a1983/2538
040 _a EG-GICUC
_bara
_c EG-GICUC
_d EG-GICUC
_erda
041 _aara
082 0 4 _221
_a343.3914
_bع ب . ح
092 0 4 _221
099 _aLaw1 10 343.3914 1983
100 0 _aعبدالرءوف مهدى
_eمؤلف.
245 _aحدود حرية القاضى الجنائى فى تكوين عقيدتة :
_bتعليق على حكم محكمة النقض المصرية /
_cعبد الرءوف مهدى .
264 _aالإمارات :
_bمؤسسة العين للطباعة,
_c1983 .
300 _a63 صفحة;
_c24 سم
336 _2rda content
_atext
337 _2rda media
_aComputer
338 _2rda carrier
_aOnline Resource
546 _aالنص باللغة العربية
650 1 _aقانون جنائي
650 1 _aالإقتناع الذاتي للقاضي الجنائي
856 4 0 _uhttps://fll.law.cu.edu.eg/fulltext/bks/B10-05951.pdf
905 _a44
942 _2ddc
_cBK
_e21
_n0
999 _c59138
_d59138